000
00221nam a2200097Ia 4500
008
170627s9999 xx 000 0 und d
100
_a
SINGHAL A.K
245
0
_a
A.T.B OF ACCOUNTING FOR MANAGERS
260
_b
JBC
260
_c
2007
546
_a
ENGLISH
999
_c
35682
_d
35682